Phân tích tài chính trong công ty cổ phần
Sách gồm 3 chương: chương I tổng quan về hệ thống chỉ tiêu thông tin kế toán phân tích tình hình tài chính trong các công ty cổ phần, chương II thực trạng hệ thống chỉ tiêu thông tin kế tóan phân tích tình hình tài chính trong các công ty cổ...
Saved in:
| Main Author: | |
|---|---|
| Format: | Book |
| Language: | Undetermined |
| Published: |
Hà Nội
Tài chính
2006
|
| Subjects: | |
| Tags: |
Add Tag
No Tags, Be the first to tag this record!
|
| Institutions: | Trung tâm Học liệu Trường Đại học Cần Thơ |
|---|
| LEADER | 01226nam a2200229Ia 4500 | ||
|---|---|---|---|
| 001 | CTU_119199 | ||
| 008 | 210402s9999 xx 000 0 und d | ||
| 020 | |c 38000 | ||
| 082 | |a 658.15 | ||
| 082 | |b Ph506 | ||
| 100 | |a Nguyễn, Năng Phúc | ||
| 245 | 0 | |a Phân tích tài chính trong công ty cổ phần | |
| 245 | 0 | |c Nguyễn Năng Phúc | |
| 260 | |a Hà Nội | ||
| 260 | |b Tài chính | ||
| 260 | |c 2006 | ||
| 520 | |a Sách gồm 3 chương: chương I tổng quan về hệ thống chỉ tiêu thông tin kế toán phân tích tình hình tài chính trong các công ty cổ phần, chương II thực trạng hệ thống chỉ tiêu thông tin kế tóan phân tích tình hình tài chính trong các công ty cổ phần, chương III những kiến nghị và giải pháp nhằm hoàn thiện hệ thống chie tiêu thông tin kế tóan phân tích tình hình tài chính trong các công ty cổ phần. | ||
| 650 | |a Holding companies,Financial management | ||
| 650 | |x Accounting. | ||
| 650 | |z Viet Nam | ||
| 904 | |i Minh | ||
| 980 | |a Trung tâm Học liệu Trường Đại học Cần Thơ | ||